| 000 | 004570000a22001930004500 | ||
|---|---|---|---|
| 003 | LK-CoMWRAF | ||
| 005 | 20230906101905.0 | ||
| 008 | 230817t2002 ||||| |||| 00| 0 eng d | ||
| 020 | _a0446527041 | ||
| 040 |
_aLK-CoMWRAF _dLK-CoMWRAF _eLK-CoMWRAF |
||
| 041 | _aeng | ||
| 082 |
_a823 _bBRO |
||
| 100 | _aBrown, Sandra | ||
| 245 | _aThe Crush | ||
| 260 |
_bWarner Books : _aNew York, _c2002 |
||
| 300 | _a474p | ||
| 650 | _aEnglish Fiction | ||
| 942 | _cBK | ||
| 999 |
_c1893 _d1893 |
||